000 00716nam a2200229Ia 4500
001 9005
003 GE_BSU
008 181216s||||||||xx |||||||||||||| ||und||
040 _cGE_BSU
080 _a821.353.1–31
100 _aკლდიაშვილი,სერგო
245 _aმყუდრო სავანე
245 _bრომანი
245 _cრედ.გრიგოლ აბაშიძე.მხატვ.ა.ვეფხვაძე
260 _aთბილისი
260 _bსაბჭ.მწერალი
260 _c1958
300 _a335გვ.19სმ.
653 _aმყუდრო სავანე
653 _aრომანი
942 _cBK
999 _c42310
_d42310